Jugadores con Más Partidos y Goles en La Liga: Islas Canarias - Estadísticas

Estadísticas generales
  • Esta prueba ha sido intentada 80 veces
  • La puntuación promedio es 7 de 20
Estadísticas de respuestas
Hint Respuesta % Correcto
58 Pedro
76%
403 Valerón
76%
30 Valerón
76%
227 Silva
74%
31 Silva
74%
30 Jonathan Viera
60%
278 Rubén Castro
41%
93 Rubén Castro
41%
347 Manuel Pablo
31%
35 Sandro
22%
240 Ángel Rodríguez
21%
45 Ángel Rodríguez
21%
343 Juanito Rodríguez
16%
408 Diego Rodríguez
14%
26 Guayre
12%
300 Ángel López
7%
92 Molowny
5%
52 Dévora
2%
217 Pier
2%
269 Paco Jémez
0%
No se encontraron pruebas coincidentes
Distribución de puntuación
Porcentaje de gente con cada puntuación
Porcentaje por número respondido
Historial de tus puntuaciones
No has intentado esta prueba.